Dynamics of linear operators

Αποθηκεύτηκε σε:
Λεπτομέρειες βιβλιογραφικής εγγραφής
Κύριος συγγραφέας: Bayart, Frederic
Άλλοι συγγραφείς: Matheron, Etienne
Μορφή: Βιβλίο
Γλώσσα:English
Δημοσίευση: Cambridge ; New York : Cambridge University Press, 2009
Σειρά:Cambridge tracts in mathematics ; ; 179
Θέματα:
Ετικέτες: Προσθήκη ετικέτας
Δεν υπάρχουν, Καταχωρήστε ετικέτα πρώτοι!

MARC

LEADER 00000nam a2200000 i 4500
001 1/44922
008 140331s2009 eng d
020 |a 978-0-521-51496-5  
035 |l 10117213 
040 |a GR-MY-UA  |b gre  |e aacr 
041 0 |a eng 
082 0 |a 515.7246  |2 (23) 
100 1 |a Bayart, Frederic. 
245 1 0 |a Dynamics of linear operators /   |c Frederic Bayart, Etienne Matheron.  
260 |a Cambridge ; New York :   |b Cambridge University Press,   |c 2009 
300 |a xiv, 337 σ.;  |c 24 εκ. 
490 1 |a Cambridge tracts in mathematics  |v ; 179 
650 0 0 |a Linear operators. 
700 1 |a Matheron, Etienne. 
830 0 |a Cambridge tracts in mathematics ;  |v ; 179 
852 |a INST  |b CHIOS  |c EUDOXUS  |e 20160830  |h 515.7246 BAY  |p 005200039165  |q 005200039165  |t BK  |y 0 
852 |a INST  |b SAMOS  |e 20140331  |h 515.7246 BAY  |p 005300036563  |q 005300036563  |t BK  |y 0 
920 |a Εύδοξος  |b Παραγγελία  |y Χίος-ΤΜΟΔ  |z 2016-06 
901 |a BIBL3-2014-1 
909 |a Σ  |b 184736 
922 |a 3ΕΛΗ  |b 201311  |c ΤΜΗΜΑ ΜΑΘΗΜΑΤΙΚΩΝ/ΜΕΤΑΠΤΥΧΙΑΚΟ  |d ΔΙΑΔΡΟΜΕΣ/ΔΡΕΣ 
970 |a ΚΟΣΙΕΡΗΣ  |b ΧΡΗΣΤΟΣ  |z 2014/03/31